[Event "DVM U20 2007"]
[Site "Kelheim GER"]
[Date "2007.12.28"]
[Round "4"]
[White "Andraschko, Felix"]
[Black "Baldauf, Manuel"]
[Result "1/2-1/2"]
[Termination "normal"]
[Board "7.4"]
[WhiteElo "2013"]
[BlackElo "1789"]
[WhiteTeam "SC Tamm"]
[BlackTeam "SGem Pang/Rosenheim"]
[PlyCount "80"]
[WhiteFideId "24628174"]
[BlackFideId "4648528"]
[EventCountry "GER"]
[EventRounds "7"]
[EventType "team-swiss"]
[EventDate "2007.12.26"]

1. d4 Nf6 2. Nf3 e6 3. e3 c5 4. Bd3 b6 5. O-O Bb7 6. c4 Be7 7. Nc3 O-O 8. d5
exd5 9. cxd5 d6 10. e4 Nbd7 11. Nd2 a6 12. a4 Re8 13. Rb1 Bf8 14. Re1 g6 15. f4
Bg7 16. Nc4 Qc7 17. Qf3 Rab8 18. Bd2 Ba8 19. e5 dxe5 20. fxe5 Nxe5 21. Nxe5
Rxe5 22. Bf4 Rbe8 23. Bxe5 Rxe5 24. d6 Rxe1+ 25. Rxe1 Qd8 26. Qh3 Nh5 27. d7
Bd4+ 28. Kh1 Nf6 29. Bxa6 Nxd7 30. Bb5 Ne5 31. Qg3 Qf6 32. Rf1 Qe7 33. Ne2 Bxb2
34. Qb3 Qg5 35. Qg3 Qxg3 36. hxg3 Kg7 37. Rb1 Ba3 38. Ba6 Bb4 39. Kg1 h5 40.
Nf4 Kf6 1/2-1/2

[Event "DVM U20 2007"]
[Site "Kelheim GER"]
[Date "2007.12.28"]
[Round "4"]
[White "Kaiser, Sören"]
[Black "Anker, Christin"]
[Result "1-0"]
[Termination "normal"]
[Board "7.6"]
[WhiteElo "1437"]
[BlackElo "1750"]
[WhiteTeam "SC Tamm"]
[BlackTeam "SGem Pang/Rosenheim"]
[PlyCount "87"]
[WhiteFideId "24669628"]
[BlackFideId "1615688"]
[EventCountry "GER"]
[EventRounds "7"]
[EventType "team-swiss"]
[EventDate "2007.12.26"]

1. e4 e5 2. Nf3 Nc6 3. Bb5 f5 4. Nc3 fxe4 5. Nxe4 d5 6. Nxe5 dxe4 7. Qh5+ g6 8.
Nxg6 hxg6 9. Qxh8 Qd5 10. O-O Be6 11. Ba4 O-O-O 12. Bb3 Qd7 13. Re1 Bxb3 14.
axb3 Bg7 15. Qh4 Nf6 16. c3 Kb8 17. b4 Qf5 18. Qg3 Bh6 19. d4 Bf8 20. Qg5 Bd6
21. Qxf5 gxf5 22. Bg5 Rf8 23. Ra2 Nd5 24. b5 Nd8 25. Bxd8 Rxd8 26. Rea1 Nb6 27.
Rxa7 Kc8 28. b3 Be7 29. g3 Bg5 30. R1a2 Rd5 31. h4 Bh6 32. c4 Rxd4 33. c5 Nd7
34. Ra8+ Nb8 35. R2a7 Rb4 36. c6 bxc6 37. bxc6 Rxb3 38. Ra5 Rb6 39. Re5 Rxc6
40. Re8+ Kd7 41. Raxb8 Rc1+ 42. Kg2 c5 43. Rh8 Bg7 44. Rb7+ 1-0

[Event "DVM U20 2007"]
[Site "Kelheim GER"]
[Date "2007.12.28"]
[Round "4"]
[White "Schmitt, Philipp"]
[Black "Krege, Sandra"]
[Result "1/2-1/2"]
[Termination "normal"]
[Board "8.1"]
[WhiteElo "2025"]
[BlackElo "2107"]
[WhiteTeam "SF Bad Mergentheim"]
[BlackTeam "SF Hettstedt"]
[PlyCount "130"]
[WhiteFideId "24641766"]
[BlackFideId "4680910"]
[EventCountry "GER"]
[EventRounds "7"]
[EventType "team-swiss"]
[EventDate "2007.12.26"]

1. Nf3 Nf6 2. g3 b5 3. Bg2 Bb7 4. d4 e6 5. Bg5 Be7 6. c3 O-O 7. Qd3 Bc6 8. Nbd2
a6 9. O-O d6 10. e4 h6 11. Bxf6 Bxf6 12. Rfe1 Nd7 13. e5 dxe5 14. dxe5 Nxe5 15.
Qc2 Qd3 16. Qd1 Nxf3+ 17. Nxf3 Rad8 18. Qxd3 Rxd3 19. Ne5 Bxe5 20. Bxc6 Bf6 21.
Rad1 Rfd8 22. Rxd3 Rxd3 23. Re2 Rd6 24. Bf3 a5 25. Kf1 b4 26. cxb4 axb4 27. b3
Kf8 28. Rc2 Bd8 29. Ke2 Ke7 30. Rc4 Ra6 31. Rc2 Kd7 32. Bb7 Rb6 33. Bf3 Be7 34.
Bg2 Bd6 35. h3 Ra6 36. Bf3 Ra5 37. Bc6+ Ke7 38. g4 h5 39. f3 Re5+ 40. Kf2 h4
41. f4 Ra5 42. Kf3 g5 43. fxg5 Rxg5 44. Re2 Re5 45. Be4 Rc5 46. Re3 Rc1 47. Kg2
Bc5 48. Rd3 Rc2+ 49. Kf1 Rxa2 50. Bc6 Bd6 51. Bg2 Rb2 52. Bf3 Kf6 53. Bd1 Kg5
54. Rf3 f5 55. gxf5 exf5 56. Rf2 Rb1 57. Ke2 Bg3 58. Bc2 Bxf2 59. Bxb1 Bg3 60.
Kf3 Kf6 61. Bd3 Ke5 62. Bc4 Kd4 63. Be6 f4 64. Bc4 c5 65. Bf7 Kc3 1/2-1/2

[Event "DVM U20 2007"]
[Site "Kelheim GER"]
[Date "2007.12.28"]
[Round "4"]
[White "Hofmann, Annett"]
[Black "Pfleger, Jochen"]
[Result "1-0"]
[Termination "normal"]
[Board "8.2"]
[WhiteElo "1973"]
[BlackElo "1888"]
[WhiteTeam "SF Hettstedt"]
[BlackTeam "SF Bad Mergentheim"]
[PlyCount "91"]
[WhiteFideId "24603759"]
[BlackFideId "24641634"]
[EventCountry "GER"]
[EventRounds "7"]
[EventType "team-swiss"]
[EventDate "2007.12.26"]

1. e4 e6 2. d4 d5 3. Nc3 Bb4 4. exd5 exd5 5. Bd3 Nc6 6. Nge2 Nge7 7. O-O Bg4 8.
f3 Bh5 9. Be3 Bg6 10. Nf4 Bxd3 11. Qxd3 O-O 12. Bf2 Bd6 13. Ncxd5 Nxd5 14. Nxd5
Bxh2+ 15. Kxh2 Qxd5 16. Rh1 Qh5+ 17. Kg1 Qg6 18. Qxg6 hxg6 19. c3 Rfe8 20. Re1
Rxe1+ 21. Bxe1 Re8 22. Kf1 g5 23. Bg3 Re7 24. Kf2 f5 25. Rh5 f4 26. Bh2 Na5 27.
Rxg5 Nc4 28. Rb5 c6 29. Rb4 b5 30. Bxf4 a5 31. Rb3 a4 32. Rb4 Nb6 33. c4 Nxc4
34. d5 cxd5 35. Rxb5 Rd7 36. Rb4 a3 37. bxa3 Nxa3 38. Ke2 Ra7 39. Bc1 Nc2 40.
Rb2 Na3 41. Kd3 Kf7 42. Kd4 Nc4 43. Re2 Ra5 44. g4 g6 45. Bg5 Nb6 46. Bd8 1-0

[Event "DVM U20 2007"]
[Site "Kelheim GER"]
[Date "2007.12.28"]
[Round "4"]
[White "Piven, Vladimir"]
[Black "Friedrich, Kai"]
[Result "1/2-1/2"]
[Termination "normal"]
[Board "8.3"]
[WhiteElo "1829"]
[BlackElo "1898"]
[WhiteTeam "SF Bad Mergentheim"]
[BlackTeam "SF Hettstedt"]
[PlyCount "96"]
[WhiteFideId "4670272"]
[BlackFideId "24609820"]
[EventCountry "GER"]
[EventRounds "7"]
[EventType "team-swiss"]
[EventDate "2007.12.26"]

1. d4 d5 2. c4 c6 3. Nc3 Nf6 4. Nf3 g6 5. Bf4 Bg7 6. e3 O-O 7. Rc1 Nbd7 8. cxd5
Nxd5 9. Nxd5 cxd5 10. Bc7 Qe8 11. Bb5 f6 12. O-O Qf7 13. Bg3 a6 14. Be2 Rd8 15.
Qb3 Nf8 16. Qb6 Re8 17. Rc3 Qe6 18. Qb4 b5 19. Rfc1 Bd7 20. h3 Rac8 21. Bc7 Qf7
22. Qa5 Ra8 23. Bd1 Ne6 24. Bg3 Rec8 25. Bb3 Rxc3 26. Rxc3 Nd8 27. Rc7 e6 28.
Ne1 Qe8 29. Nd3 Bf8 30. Qb6 Nc6 31. Qb7 Ra7 32. Qb6 Rxc7 33. Bxc7 Qc8 34. a4
Nb4 35. Nc5 bxa4 36. Bxa4 Bxc5 37. dxc5 Bxa4 38. Qxb4 Qxc7 39. Qxa4 Qxc5 40.
Qxa6 Qc1+ 41. Kh2 Qxb2 42. Qxe6+ Kg7 43. Qxd5 Qxf2 44. Qe6 Qb2 45. Qd7+ Kg8 46.
Qd4 Qf2 47. Qf4 Qb2 48. Kg3 Qc3 1/2-1/2

[Event "DVM U20 2007"]
[Site "Kelheim GER"]
[Date "2007.12.28"]
[Round "4"]
[White "Kunth, Tobias"]
[Black "Krebs, Alexander"]
[Result "1-0"]
[Termination "normal"]
[Board "8.4"]
[WhiteElo "2087"]
[BlackElo "1550"]
[WhiteTeam "SF Hettstedt"]
[BlackTeam "SF Bad Mergentheim"]
[PlyCount "46"]
[WhiteFideId "24637319"]
[BlackFideId "24670626"]
[EventCountry "GER"]
[EventRounds "7"]
[EventType "team-swiss"]
[EventDate "2007.12.26"]

1. c4 e5 2. Nc3 Nf6 3. g3 d5 4. cxd5 Nxd5 5. Bg2 c6 6. Nxd5 cxd5 7. Qb3 e4 8.
d3 f5 9. Nh3 Bd6 10. O-O Bc7 11. Bg5 Qd7 12. dxe4 fxe4 13. Rfd1 O-O 14. Qxd5+
Qe6 15. Bxe4 Kh8 16. Qxe6 Bxe6 17. Bxb7 Nd7 18. Bxa8 Rxa8 19. Nf4 Bg4 20. f3
Bb6+ 21. Kg2 Ne5 22. fxg4 h6 23. Be7 Re8 1-0

[Event "DVM U20 2007"]
[Site "Kelheim GER"]
[Date "2007.12.28"]
[Round "4"]
[White "Foß, David"]
[Black "Kaczmarek, Felix"]
[Result "0-1"]
[Termination "normal"]
[Board "8.5"]
[WhiteElo "1489"]
[BlackElo "1814"]
[WhiteTeam "SF Bad Mergentheim"]
[BlackTeam "SF Hettstedt"]
[PlyCount "60"]
[BlackFideId "24659444"]
[EventCountry "GER"]
[EventRounds "7"]
[EventType "team-swiss"]
[EventDate "2007.12.26"]

1. e4 e6 2. d4 d5 3. exd5 exd5 4. Bd3 Nf6 5. Bf4 Be7 6. Nf3 b6 7. O-O O-O 8.
Re1 Bb7 9. c3 Nbd7 10. Nbd2 c5 11. c4 cxd4 12. Nxd4 Nc5 13. Bf5 g6 14. Bh3 Nd3
15. Bh6 Re8 16. Re3 dxc4 17. Nxc4 Qxd4 18. Qxd3 Qh4 19. Bd7 Qxh6 20. Bxe8 Rxe8
21. Rae1 Rd8 22. Qc2 Bc5 23. R3e2 Qg5 24. Ne3 Be4 25. Qa4 Bf3 26. Rc2 Nd5 27.
Rd2 Nxe3 28. Rxd8+ Kg7 29. g3 Qxd8 30. fxe3 Qd2 0-1

[Event "DVM U20 2007"]
[Site "Kelheim GER"]
[Date "2007.12.28"]
[Round "4"]
[White "Friedrich, Jan"]
[Black "Hoppe, Erich"]
[Result "1/2-1/2"]
[Termination "normal"]
[Board "8.6"]
[WhiteElo "1507"]
[BlackElo "1536"]
[WhiteTeam "SF Hettstedt"]
[BlackTeam "SF Bad Mergentheim"]
[PlyCount "69"]
[WhiteFideId "24659452"]
[BlackFideId "24659550"]
[EventCountry "GER"]
[EventRounds "7"]
[EventType "team-swiss"]
[EventDate "2007.12.26"]

1. e4 e6 2. d4 d5 3. exd5 exd5 4. Nf3 Nf6 5. Bg5 Be7 6. Nbd2 O-O 7. Bd3 Bg4 8.
O-O c6 9. c3 h6 10. Bf4 Bd6 11. Bxd6 Qxd6 12. Qc2 Nbd7 13. Rae1 Bxf3 14. Nxf3
Rac8 15. Re2 Rfe8 16. Rfe1 Re6 17. Ne5 Rce8 18. Bf5 R6e7 19. f4 Nb6 20. b3 g6
21. Bd3 c5 22. dxc5 Qxc5+ 23. Kh1 Nbd7 24. Bxg6 Nxe5 25. fxe5 Ne4 26. Bxe4 dxe4
27. Qxe4 Qxc3 28. Qg4+ Kh7 29. Qf5+ Kh8 30. Qf6+ Kh7 31. Re3 Qd2 32. Qf5+ Kh8
33. Qf6+ Kh7 34. Qf5+ Kh8 35. Qf6+ 1/2-1/2

[Event "DVM U20 2007"]
[Site "Kelheim GER"]
[Date "2007.12.29"]
[Round "6"]
[White "Huschenbeth, Niclas"]
[Black "Ohme, Melanie"]
[Result "1-0"]
[Termination "normal"]
[Board "1.1"]
[BlackTitle "WFM"]
[WhiteElo "2318"]
[BlackElo "2274"]
[WhiteTeam "Hamburger SK"]
[BlackTeam "SC Leipzig-Gohlis"]
[PlyCount "73"]
[WhiteFideId "24604747"]
[BlackFideId "4690745"]
[EventCountry "GER"]
[EventRounds "7"]
[EventType "team-swiss"]
[EventDate "2007.12.26"]

1. e4 c5 2. Nf3 e6 3. d4 cxd4 4. Nxd4 a6 5. Bd3 Bc5 6. Nb3 Ba7 7. O-O Nc6 8.
Qg4 Nf6 9. Qxg7 Rg8 10. Qh6 Ne5 11. Be2 Neg4 12. Bxg4 Rg6 13. Qh4 Rxg4 14. Qh3
d6 15. Nc3 b5 16. Be3 b4 17. Bxa7 Rxa7 18. f3 Qb6+ 19. Kh1 Rg6 20. Nd5 Nxd5 21.
exd5 Rc7 22. Qxh7 Rxc2 23. Rac1 Qc7 24. Qh8+ Ke7 25. Qh4+ Ke8 26. Rg1 exd5 27.
Qxb4 Rc4 28. Qa5 Qe7 29. Qxd5 Rxc1 30. Rxc1 Bb7 31. Qd2 Re6 32. Nd4 Re5 33. h3
Qh4 34. Qb4 Qg3 35. Qxb7 Re1+ 36. Rxe1+ Qxe1+ 37. Kh2 1-0

[Event "DVM U20 2007"]
[Site "Kelheim GER"]
[Date "2007.12.29"]
[Round "6"]
[White "Hentze, Markus"]
[Black "Bracker, Frank"]
[Result "0-1"]
[Termination "normal"]
[Board "1.2"]
[WhiteElo "1932"]
[BlackElo "2214"]
[WhiteTeam "SC Leipzig-Gohlis"]
[BlackTeam "Hamburger SK"]
[PlyCount "102"]
[WhiteFideId "4670922"]
[BlackFideId "24614343"]
[EventCountry "GER"]
[EventRounds "7"]
[EventType "team-swiss"]
[EventDate "2007.12.26"]

1. e4 c5 2. Nf3 d6 3. Bb5+ Nd7 4. c3 Ngf6 5. e5 dxe5 6. Nxe5 a6 7. Nxd7 Bxd7 8.
Bxd7+ Qxd7 9. O-O Rd8 10. Qf3 Qd5 11. Qe2 e6 12. Na3 Bd6 13. Nc2 Bb8 14. d4
cxd4 15. Nxd4 O-O 16. Qf3 Ba7 17. Qxd5 Rxd5 18. Nf3 h6 19. c4 Rdd8 20. g3 Rfe8
21. Bf4 Ne4 22. Rae1 Nd6 23. b3 f6 24. Rd1 e5 25. Bc1 Kf7 26. Nh4 g5 27. Ng2
Nf5 28. Bb2 h5 29. Bc3 Kg6 30. Rxd8 Rxd8 31. Ne1 h4 32. g4 Nd6 33. Kg2 Ne4 34.
Bb4 Rd1 35. h3 Ra1 36. Kf3 Nc5 37. Bxc5 Bxc5 38. Nd3 Rxf1 39. Nxc5 b5 40. Nxa6
bxc4 41. bxc4 Ra1 42. Nb4 Rc1 43. Nd5 Rxc4 44. Kg2 Ra4 45. Ne7+ Kf7 46. Nf5
Rxa2 47. Nh6+ Ke6 48. Nf5 e4 49. Ng7+ Ke5 50. Nf5 Ra3 51. Kh2 Rf3 0-1

[Event "DVM U20 2007"]
[Site "Kelheim GER"]
[Date "2007.12.29"]
[Round "6"]
[White "Möller, Hendrik"]
[Black "Dück, Stefan"]
[Result "0-1"]
[Termination "normal"]
[Board "1.3"]
[WhiteElo "2180"]
[BlackElo "2029"]
[WhiteTeam "Hamburger SK"]
[BlackTeam "SC Leipzig-Gohlis"]
[PlyCount "152"]
[WhiteFideId "24604917"]
[BlackFideId "4681355"]
[EventCountry "GER"]
[EventRounds "7"]
[EventType "team-swiss"]
[EventDate "2007.12.26"]

1. b4 Nf6 2. Bb2 g6 3. g3 Bg7 4. Bg2 O-O 5. Nf3 d6 6. O-O c6 7. d3 a5 8. a3
axb4 9. axb4 Rxa1 10. Bxa1 Na6 11. Bc3 Qb6 12. Qd2 Bd7 13. Na3 d5 14. Rb1 Ng4
15. e3 Nc7 16. Bxg7 Kxg7 17. h3 Nf6 18. Rb3 Ra8 19. Nd4 e5 20. Nf3 e4 21. Nd4
exd3 22. cxd3 Ne6 23. Nac2 Nxd4 24. Nxd4 Ra1+ 25. Kh2 Qa7 26. Rb2 Ra3 27. Bf1
Ne8 28. Be2 Nd6 29. g4 b6 30. Nc2 Qc7 31. Kg2 Ra4 32. Qc3+ f6 33. Nd4 c5 34.
Rc2 Nb7 35. Qb3 Qd6 36. bxc5 Nxc5 37. Qb2 Ne6 38. Nxe6+ Bxe6 39. d4 Bd7 40. Rc3
Ra7 41. Rb3 Rb7 42. Bb5 Be6 43. Ra3 f5 44. Be2 fxg4 45. hxg4 Qd7 46. f3 h5 47.
gxh5 gxh5 48. e4 Bh3+ 49. Kf2 Qd6 50. e5 Qg6 51. Bf1 Bxf1 52. Kxf1 h4 53. Qg2
Qxg2+ 54. Kxg2 Kg6 55. Rb3 b5 56. Kh3 Kg5 57. Rb4 Kf4 58. e6 Kxf3 59. Kxh4 Kf4
60. Kh3 Kf5 61. Kg3 Kxe6 62. Kf4 Kd6 63. Ke3 Re7+ 64. Kd3 Kc6 65. Rb1 Kb6 66.
Kc3 Rc7+ 67. Kd3 Rc4 68. Ra1 b4 69. Ra8 Rc3+ 70. Kd2 Kb5 71. Rd8 Kc4 72. Rb8
Rd3+ 73. Kc2 b3+ 74. Kb2 Kxd4 75. Rb4+ Ke3 76. Rh4 d4 0-1

[Event "DVM U20 2007"]
[Site "Kelheim GER"]
[Date "2007.12.29"]
[Round "6"]
[White "Hänse, Felix"]
[Black "Bracker, Arne"]
[Result "1/2-1/2"]
[Termination "normal"]
[Board "1.4"]
[WhiteElo "1727"]
[BlackElo "2136"]
[WhiteTeam "SC Leipzig-Gohlis"]
[BlackTeam "Hamburger SK"]
[PlyCount "42"]
[BlackFideId "24618160"]
[EventCountry "GER"]
[EventRounds "7"]
[EventType "team-swiss"]
[EventDate "2007.12.26"]

1. Nf3 Nf6 2. g3 g6 3. Bg2 Bg7 4. d3 O-O 5. O-O d6 6. Nbd2 c5 7. h3 Nc6 8. e4
Rb8 9. a4 b6 10. Kh2 Bb7 11. Ng1 a6 12. f4 b5 13. c3 b4 14. c4 Nd7 15. Ra2 e6
16. b3 f5 17. Ngf3 h6 18. Bb2 Bxb2 19. Rxb2 Qf6 20. Rb1 Rbe8 21. Ng1 Ba8
1/2-1/2

[Event "DVM U20 2007"]
[Site "Kelheim GER"]
[Date "2007.12.29"]
[Round "6"]
[White "Held, Florian"]
[Black "Sandring, Franz"]
[Result "1-0"]
[Termination "normal"]
[Board "1.5"]
[WhiteElo "2051"]
[BlackElo "1543"]
[WhiteTeam "Hamburger SK"]
[BlackTeam "SC Leipzig-Gohlis"]
[PlyCount "65"]
[WhiteFideId "24629090"]
[BlackFideId "24659525"]
[EventCountry "GER"]
[EventRounds "7"]
[EventType "team-swiss"]
[EventDate "2007.12.26"]

1. e4 c5 2. Nf3 d6 3. d4 cxd4 4. Nxd4 a6 5. Nc3 Nf6 6. Bg5 e6 7. f4 Be7 8. Qf3
Qc7 9. O-O-O Nbd7 10. g4 b5 11. Bxf6 Nxf6 12. g5 Nd7 13. f5 Nc5 14. f6 gxf6 15.
gxf6 Bf8 16. Re1 Bd7 17. Rg1 h5 18. Kb1 b4 19. Nce2 O-O-O 20. Nf4 Qa5 21. Nb3
Nxb3 22. cxb3 Kb8 23. h4 Bh6 24. Nh3 Rc8 25. Ng5 Qc5 26. Bd3 Bb5 27. Nxf7 Bd2
28. Nxh8 Rxh8 29. Rd1 Rf8 30. Bxb5 axb5 31. f7 Bh6 32. Qf6 Qe3 33. Qxe6 1-0

[Event "DVM U20 2007"]
[Site "Kelheim GER"]
[Date "2007.12.29"]
[Round "6"]
[White "Bohne, Alexander"]
[Black "Wiese, Phil"]
[Result "0-1"]
[Termination "normal"]
[Board "1.6"]
[WhiteElo "1394"]
[BlackElo "1957"]
[WhiteTeam "SC Leipzig-Gohlis"]
[BlackTeam "Hamburger SK"]
[PlyCount "68"]
[WhiteFideId "24659533"]
[BlackFideId "24634050"]
[EventCountry "GER"]
[EventRounds "7"]
[EventType "team-swiss"]
[EventDate "2007.12.26"]

1. d4 Nf6 2. c4 c5 3. Nf3 g6 4. Nc3 cxd4 5. Nxd4 Bg7 6. g3 O-O 7. Bg2 Nc6 8.
O-O Nxd4 9. Qxd4 d6 10. Bd2 Qc7 11. Nb5 Qb8 12. Ba5 Ne8 13. Qe4 a6 14. Nd4 e5
15. Nb3 Nf6 16. Qf3 e4 17. Qf4 d5 18. Qxb8 Rxb8 19. cxd5 Nxd5 20. Bxe4 Be6 21.
Bxd5 Bxd5 22. Nc5 b6 23. Nxa6 bxa5 24. Nxb8 Rxb8 25. Rac1 Bxa2 26. Rc5 a4 27.
Ra5 Bb3 28. Rb1 Bc2 29. Rc1 Rxb2 30. Ra8+ Bf8 31. Ra1 Kg7 32. e4 Bc5 33. Ra5
Bd4 34. e5 Bb3 0-1

[Event "DVM U20 2007"]
[Site "Kelheim GER"]
[Date "2007.12.29"]
[Round "6"]
[White "Werthebach, Felix"]
[Black "Billing, Christian"]
[Result "1/2-1/2"]
[Termination "normal"]
[Board "2.1"]
[WhiteElo "2164"]
[BlackElo "2150"]
[WhiteTeam "SG Bochum"]
[BlackTeam "SC Dillingen"]
[PlyCount "152"]
[WhiteFideId "24609684"]
[BlackFideId "4697294"]
[EventCountry "GER"]
[EventRounds "7"]
[EventType "team-swiss"]
[EventDate "2007.12.26"]

1. Nf3 d5 2. g3 Bg4 3. Bg2 c6 4. O-O Nd7 5. d3 Ngf6 6. Nbd2 e5 7. e4 dxe4 8.
dxe4 Qc7 9. h3 Bh5 10. Qe1 Be7 11. Nh4 Bg6 12. b3 Bb4 13. Nxg6 hxg6 14. Qe2 Bc3
15. Rb1 O-O 16. Qd3 Bd4 17. c3 Bc5 18. b4 Be7 19. Nc4 Rfd8 20. Qe2 b5 21. Na5
a6 22. c4 Rab8 23. Bd2 c5 24. cxb5 axb5 25. Rfc1 Qb6 26. bxc5 Nxc5 27. Be3 Qxa5
28. Bxc5 Rd2 29. Qe1 Bxc5 30. Rxc5 Qxa2 31. Rcxb5 Rxb5 32. Rxb5 Re2 33. Qf1 Qd2
34. Rb1 Nxe4 35. Bxe4 Rxe4 36. Qd1 Qxd1+ 37. Rxd1 g5 38. Kg2 f6 39. Kf3 Ra4 40.
Rd7 Kh7 41. Re7 Kg6 42. g4 Ra8 43. Kg3 Rf8 44. f3 Rf7 45. Re6 Rd7 46. Re8 Kf7
47. Ra8 Rd3 48. Ra7+ Ke6 49. Kg2 Rd7 50. Ra5 Rd2+ 51. Kg1 g6 52. Ra6+ Rd6 53.
Ra5 f5 54. Kf2 Rb6 55. Rc5 Ra6 56. Rb5 Ra2+ 57. Kg1 Ra6 58. Kf2 Kf6 59. Rc5 Re6
60. Ra5 e4 61. fxe4 Rxe4 62. Kf3 Re6 63. Rb5 Ra6 64. Rc5 Ra3+ 65. Kg2 Ra2+ 66.
Kf3 f4 67. Rc6+ Kg7 68. Rc7+ Kh6 69. Rc8 Rh2 70. Ke4 Re2+ 71. Kf3 Re3+ 72. Kg2
Kg7 73. Rc7+ Kf6 74. Rc6+ Re6 75. Rc5 Ra6 76. Rb5 Ra2+ 1/2-1/2

[Event "DVM U20 2007"]
[Site "Kelheim GER"]
[Date "2007.12.29"]
[Round "6"]
[White "Nuber, Korbinian"]
[Black "Pilat, Daniel"]
[Result "0-1"]
[Termination "normal"]
[Board "2.2"]
[WhiteElo "2133"]
[BlackElo "2120"]
[WhiteTeam "SC Dillingen"]
[BlackTeam "SG Bochum"]
[PlyCount "70"]
[WhiteFideId "24607231"]
[BlackFideId "24602116"]
[EventCountry "GER"]
[EventRounds "7"]
[EventType "team-swiss"]
[EventDate "2007.12.26"]

1. e4 c5 2. Nc3 e6 3. Nf3 a6 4. g3 Qc7 5. Bg2 Nf6 6. O-O Nc6 7. d3 d6 8. Nh4
Be7 9. f4 b6 10. h3 Bb7 11. Be3 h6 12. Qe1 Nh7 13. Nf3 g5 14. Qf2 gxf4 15. gxf4
O-O-O 16. d4 Nf6 17. a3 Rhg8 18. dxc5 dxc5 19. Kh2 Nh5 20. Nd2 Nd4 21. Rac1 Nf5
22. Ne2 Bh4 23. Qf3 Nhg3 24. Rf2 Nxe3 25. Qxe3 Nxe2 26. Qxe2 Bxf2 27. Qxf2 Rd4
28. Bh1 f6 29. Re1 Qg7 30. Nf1 f5 31. Ng3 Rd2 32. Ne2 Bxe4 33. Bxe4 fxe4 34.
Kh1 Rxc2 35. Rg1 Qxg1+ 0-1

[Event "DVM U20 2007"]
[Site "Kelheim GER"]
[Date "2007.12.29"]
[Round "6"]
[White "Mazarov, Jürgen"]
[Black "Nuber, Blasius"]
[Result "1-0"]
[Termination "normal"]
[Board "2.3"]
[WhiteElo "2094"]
[BlackElo "2055"]
[WhiteTeam "SG Bochum"]
[BlackTeam "SC Dillingen"]
[PlyCount "53"]
[WhiteFideId "24617768"]
[BlackFideId "24620289"]
[EventCountry "GER"]
[EventRounds "7"]
[EventType "team-swiss"]
[EventDate "2007.12.26"]

1. e4 e5 2. Nf3 Nf6 3. Nxe5 d6 4. Nf3 Nxe4 5. Nc3 Nxc3 6. dxc3 Nc6 7. Bf4 Bg4
8. Be2 Be7 9. Qd2 Qd7 10. O-O-O O-O-O 11. h3 Bh5 12. g4 Bg6 13. Bb5 Qe6 14.
Bxc6 bxc6 15. Kb1 d5 16. Rhe1 Be4 17. Nd4 Qd7 18. f3 Bh4 19. fxe4 Bxe1 20. Qxe1
Rhe8 21. Qf1 Kb7 22. Nb3 Qe7 23. Na5+ Kb6 24. Be3+ c5 25. Nb3 Qxe4 26. Nxc5
Qxe3 27. Qa6+ 1-0

[Event "DVM U20 2007"]
[Site "Kelheim GER"]
[Date "2007.12.29"]
[Round "6"]
[White "Nuber, Helene"]
[Black "Hobusch, Alexander"]
[Result "0-1"]
[Termination "normal"]
[Board "2.4"]
[WhiteElo "2072"]
[BlackElo "2011"]
[WhiteTeam "SC Dillingen"]
[BlackTeam "SG Bochum"]
[PlyCount "68"]
[WhiteFideId "24613045"]
[BlackFideId "24611387"]
[EventCountry "GER"]
[EventRounds "7"]
[EventType "team-swiss"]
[EventDate "2007.12.26"]

1. e4 e6 2. d4 d5 3. e5 c5 4. c3 Nc6 5. Nf3 Bd7 6. a3 f6 7. b4 fxe5 8. Nxe5
Nxe5 9. dxe5 Qc7 10. Bf4 O-O-O 11. Nd2 g5 12. Bg3 Bg7 13. Be2 h5 14. Bxh5 Bxe5
15. O-O Nf6 16. Be2 Rh6 17. Bxe5 Qxe5 18. Nf3 Qc7 19. g3 Rdh8 20. Kg2 d4 21. b5
e5 22. Rh1 e4 23. Nxg5 d3 24. Bxd3 exd3 25. Qxd3 c4 26. Qd4 Bxb5 27. Qxa7 Bc6+
28. f3 Qe5 29. Nf7 Rxh2+ 30. Rxh2 Qe2+ 31. Kg1 Qxh2+ 32. Kf1 Qh1+ 33. Ke2 Qxf3+
34. Kd2 Rh2+ 0-1

[Event "DVM U20 2007"]
[Site "Kelheim GER"]
[Date "2007.12.29"]
[Round "6"]
[White "Zeldin, Leonid"]
[Black "Giss, Arthur"]
[Result "1-0"]
[Termination "normal"]
[Board "2.5"]
[WhiteElo "2044"]
[BlackElo "1974"]
[WhiteTeam "SG Bochum"]
[BlackTeam "SC Dillingen"]
[PlyCount "59"]
[WhiteFideId "24636088"]
[BlackFideId "24667560"]
[EventCountry "GER"]
[EventRounds "7"]
[EventType "team-swiss"]
[EventDate "2007.12.26"]

1. e4 c5 2. Nf3 d6 3. d4 cxd4 4. Nxd4 a6 5. Nc3 e6 6. Be3 Nf6 7. f3 b5 8. Qd2
Nbd7 9. O-O-O Bb7 10. g4 h6 11. h4 b4 12. Nce2 d5 13. exd5 Nxd5 14. Nf4 Nxf4
15. Bxf4 Bd5 16. Bh3 Nc5 17. Kb1 Qa5 18. Nb3 Nxb3 19. cxb3 Rd8 20. Qe2 Bd6 21.
Bxd6 Rxd6 22. Qe5 Qd8 23. Ka1 f6 24. Qe2 Kf7 25. Rc1 Qb6 26. g5 hxg5 27. hxg5
f5 28. Qe5 Rh5 29. g6+ Kf8 30. Rc8+ 1-0

[Event "DVM U20 2007"]
[Site "Kelheim GER"]
[Date "2007.12.29"]
[Round "6"]
[White "Darr, Thomas"]
[Black "Orhan, Zilan"]
[Result "1-0"]
[Termination "normal"]
[Board "2.6"]
[WhiteElo "1941"]
[BlackElo "1955"]
[WhiteTeam "SC Dillingen"]
[BlackTeam "SG Bochum"]
[PlyCount "87"]
[WhiteFideId "24647403"]
[BlackFideId "24624640"]
[EventCountry "GER"]
[EventRounds "7"]
[EventType "team-swiss"]
[EventDate "2007.12.26"]

1. d4 d5 2. c4 e6 3. Nf3 c6 4. g3 Nf6 5. Bg2 h6 6. O-O Bd6 7. Qc2 O-O 8. Nbd2
Nbd7 9. e4 dxe4 10. Nxe4 Nxe4 11. Qxe4 Re8 12. Rd1 Qe7 13. b3 Nf6 14. Qe2 Bd7
15. Ne5 Rac8 16. Bf4 b6 17. a3 Bb8 18. g4 Nh7 19. Qd3 Red8 20. Bg3 Be8 21. Qc3
c5 22. d5 Nf6 23. h3 Bd6 24. a4 a5 25. Rd3 Nh7 26. Rad1 f6 27. Nc6 Bxc6 28.
dxc6 e5 29. Qd2 Bc7 30. Rd7 Rxd7 31. Qxd7 Qxd7 32. Rxd7 Ng5 33. Bd5+ Kh8 34.
Kg2 Nh7 35. Re7 Nf8 36. h4 Ng6 37. Rf7 Nf8 38. h5 Bb8 39. Rb7 Bc7 40. Kf3 Nh7
41. Ke3 Nf8 42. f4 Kh7 43. fxe5 fxe5 44. Ke4 1-0

[Event "DVM U20 2007"]
[Site "Kelheim GER"]
[Date "2007.12.29"]
[Round "6"]
[White "Aulich, Marcell"]
[Black "Strache, Michael"]
[Result "1-0"]
[Termination "normal"]
[Board "3.1"]
[WhiteElo "1996"]
[BlackElo "2144"]
[WhiteTeam "SF Brackel"]
[BlackTeam "SV Sangerhausen"]
[PlyCount "41"]
[WhiteFideId "24631981"]
[BlackFideId "4693183"]
[EventCountry "GER"]
[EventRounds "7"]
[EventType "team-swiss"]
[EventDate "2007.12.26"]

1. e4 c5 2. Nf3 d6 3. d4 cxd4 4. Nxd4 Nf6 5. Nc3 a6 6. Bg5 Nbd7 7. f4 b5 8.
Bxf6 Nxf6 9. e5 dxe5 10. fxe5 b4 11. Na4 Nd5 12. e6 fxe6 13. Qh5+ g6 14. Qe5
Qc7 15. Qxh8 Nf6 16. O-O-O Kf7 17. Kb1 Bb7 18. Bc4 Qxc4 19. Nb6 Qc5 20. Nxa8
Bd5 21. Rhf1 1-0

[Event "DVM U20 2007"]
[Site "Kelheim GER"]
[Date "2007.12.29"]
[Round "6"]
[White "Hillmann, Michael"]
[Black "Zemella, Christian"]
[Result "1/2-1/2"]
[Termination "normal"]
[Board "3.2"]
[WhiteElo "2088"]
[BlackElo "2092"]
[WhiteTeam "SV Sangerhausen"]
[BlackTeam "SF Brackel"]
[PlyCount "53"]
[WhiteFideId "24609889"]
[BlackFideId "24620580"]
[EventCountry "GER"]
[EventRounds "7"]
[EventType "team-swiss"]
[EventDate "2007.12.26"]

1. d4 Nf6 2. Nf3 c5 3. c4 cxd4 4. Nxd4 e5 5. Nc2 d5 6. cxd5 Qxd5 7. Qxd5 Nxd5
8. e4 Nb4 9. Nxb4 Bxb4+ 10. Bd2 Bxd2+ 11. Nxd2 O-O 12. Bc4 Nc6 13. O-O Nd4 14.
Rfd1 Rd8 15. Nf1 Be6 16. Bxe6 Nxe6 17. Ne3 Nd4 18. f3 Rac8 19. Kf2 Rc5 20. Rd2
Rdc8 21. Rad1 f6 22. g3 Rc1 23. Rxc1 Rxc1 24. Nf5 Rh1 25. Ke3 Re1+ 26. Kf2 Rh1
27. Ke3 1/2-1/2